Ten Most Populated Countries by Continent - Statistics

General Stats
  • This quiz has been taken 8,547 times
    8,490 since last reset
  • The average score is 53 of 59
Answer Stats
Continent Country % Correct
Asia China
98%
Europe France
98%
Europe Germany
98%
Asia India
98%
Europe / Asia Russia
98%
Europe United Kingdom
98%
North America United States
98%
Oceania Australia
97%
South America Brazil
97%
North America Canada
97%
North America Mexico
97%
South America Argentina
96%
Europe Italy
96%
Oceania New Zealand
96%
Africa South Africa
96%
Europe Spain
96%
South America Chile
95%
South America Colombia
95%
Africa Egypt
95%
Africa Nigeria
95%
Asia Indonesia
94%
South America Peru
94%
Asia Japan
93%
South America Paraguay
93%
South America Uruguay
93%
South America Venezuela
93%
North America Cuba
92%
Asia Pakistan
92%
Europe Poland
92%
South America Bolivia
91%
Africa D.R. Congo
91%
Europe Ukraine
91%
South America Ecuador
90%
Oceania Fiji
90%
Oceania Papua New Guinea
90%
Africa Ethiopia
88%
North America Dominican Republic
87%
North America Guatemala
87%
North America Honduras
87%
Asia Iran
87%
Africa Algeria
86%
North America Haiti
86%
Asia Bangladesh
85%
North America Nicaragua
85%
Africa Kenya
83%
Oceania Solomon Islands
83%
Oceania Samoa
82%
Africa Sudan
82%
Asia Philippines
81%
Oceania Tonga
81%
Asia Vietnam
81%
North America El Salvador
79%
Europe Romania
79%
Oceania Vanuatu
79%
Oceania Fed. States Micronesia
78%
Oceania Kiribati
78%
Africa Tanzania
76%
Europe Netherlands
75%
Africa Uganda
64%
No matching quizzes found
Score Distribution
Percent of People with Each Score
Percentile by Number Answered
Your Score History
You have not taken this quiz since the last reset